[Event "Sydney Centenary U1600"]
[Site "Sydney"]
[Date "2009.01.07"]
[Round "7"]
[White "Bennett, Calvin"]
[Black "Radovan, John L"]
[Result "1-0"]
[WhiteElo "1567"]
[BlackElo "1322"]
[PlyCount "55"]
[EventDate "2009.01.02"]
[EventType "swiss"]
[EventRounds "11"]
[EventCountry "AUS"]
[SourceTitle "EXT 2023"]
[Source "ChessBase"]
[SourceDate "2022.10.05"]
[SourceVersion "1"]
[SourceVersionDate "2022.10.05"]
[SourceQuality "1"]

1. d4 Nf6 2. c4 c6 3. d5 d6 4. Nc3 g6 5. e4 Bg7 6. Bd3 0-0 7. Nf3 Bg4 8. h3 Bxf3 9. gxf3 b5 10. cxb5 cxd5 11. Qb3 dxe4 12. Bxe4 Nxe4 13. fxe4 Nd7 14. Bf4 Nc5 15. Qc2 Qa5 16. a4 Ne6 17. Bd2 Nd4 18. Qd1 Qd8 19. 0-0 e5 20. Be3 Qh4 21. Kh2 f5 22. Rg1 fxe4 23. Rg4 Rxf2+ 24. Bxf2 Qxf2+ 25. Rg2 Nf3+ 26. Kh1 Qh4 27. Qd5+ Kh8 28. Qxa8+ 1-0

[Event "Sydney Centenary U1600"]
[Site "Sydney"]
[Date "2009.01.04"]
[Round "5"]
[White "Wettstein, Carla"]
[Black "Radovan, John L"]
[Result "0-1"]
[WhiteElo "1450"]
[BlackElo "1322"]
[PlyCount "80"]
[EventDate "2009.01.02"]
[EventType "swiss"]
[EventRounds "11"]
[EventCountry "AUS"]
[SourceTitle "EXT 2023"]
[Source "ChessBase"]
[SourceDate "2022.10.05"]
[SourceVersion "1"]
[SourceVersionDate "2022.10.05"]
[SourceQuality "1"]

1. c4 Nf6 2. Nc3 g6 3. d4 d5 4. cxd5 Nxd5 5. e4 Nxc3 6. bxc3 Bg7 7. Bc4 c5 8. Be3 0-0 9. Ne2 cxd4 10. cxd4 Nc6 11. a3 Bg4 12. f3 Na5 13. Ba2 Bd7 14. Rb1 b6 15. 0-0 Rc8 16. Rc1 Bb5 17. Rxc8 Qxc8 18. Qd2 Qa6 19. Re1 Nc4 20. Bxc4 Bxc4 21. Qb2 Bxe2 22. Rxe2 Rc8 23. e5 Rc4 24. Kf2 e6 25. Bd2 Qa4 26. Be3 Bf8 27. Qb1 Qc6 28. a4 Rxa4 29. Rc2 Rc4 30. Rxc4 Qxc4 31. Qe4 Qd5 32. Qc2 Qd7 33. Qe4 Qc8 34. Qd3 a6 35. h4 b5 36. Qe4 a5 37. h5 b4 38. hxg6 hxg6 39. Bg5 b3 40. Bf6 Qc2+ 0-1

[Event "Sydney Centenary U1600"]
[Site "Sydney"]
[Date "2009.01.03"]
[Round "3"]
[White "Radovan, John L"]
[Black "Low, Frank"]
[Result "1-0"]
[WhiteElo "1322"]
[BlackElo "1549"]
[PlyCount "47"]
[EventDate "2009.01.02"]
[EventType "swiss"]
[EventRounds "11"]
[EventCountry "AUS"]
[SourceTitle "EXT 2023"]
[Source "ChessBase"]
[SourceDate "2022.10.05"]
[SourceVersion "1"]
[SourceVersionDate "2022.10.05"]
[SourceQuality "1"]

1. e4 c5 2. Nf3 Nc6 3. d4 cxd4 4. Nxd4 Nf6 5. Nc3 d6 6. Bc4 g6 7. Nxc6 bxc6 8. e5 Nd7 9. e6 fxe6 10. Bxe6 Nc5 11. Qd4 Nxe6 12. Qxh8 Ba6 13. Bh6 Qa5 14. 0-0-0 Kd7 15. Bxf8 Rxf8 16. Qxh7 Qg5+ 17. Kb1 d5 18. Rhe1 Rxf2 19. Ne4 Qxg2 20. Nxf2 Qxf2 21. Qxg6 Be2 22. Qe4 Nf4 23. Qd4 Qh4 24. Rxe2 1-0